00600nam a2200193 a 450000100060000000300090000600800410001502000150005604000280007108200150009910000260011424500280014026000310016830000090019959001360020865000330034494200120037799900170038920641CO-ViMGA141112s2004 ck r 000 u spa d a8482763865 aCO-ViMGAbspacCO-ViMGA04aR530 D145d1 aDaintith, Jhon92990010aDiccionario de física aBogotá : bNorma, c2005 a238p aForma de adquisición : Compra fact.0542 - - Precio : 29900 - - Proveedor : Temas y libros - - Fecha de adquisición : Abril 200614aFISICA - DICCIONARIOS921608 2ddccBK c29634d29634